Central Library OPAC University of Rajshahi

শিক্ষা ও প্রশিক্ষণ : (Record no. 47441)

MARC details
000 -LEADER
fixed length control field 00937nam a22002417a 4500
001 - CONTROL NUMBER
control field 47441
003 - CONTROL NUMBER IDENTIFIER
rucl marc code BD-RjUL
005 - DATE AND TIME OF LATEST TRANSACTION
control field 20211209054320.0
008 - FIXED-LENGTH DATA ELEMENTS--GENERAL INFORMATION
fixed length control field 160808s2002 bg ||||| |||| 00| 0 ben d
020 ## - INTERNATIONAL STANDARD BOOK NUMBER
Terms of availability : TK 150.00
035 ## - SYSTEM CONTROL NUMBER
System control number (BD-RjUL) 47560
040 ## - CATALOGING SOURCE
Original cataloging agency BD-RjUL
Language of cataloging ben
Transcribing agency BD-RjUL
041 ## - LANGUAGE CODE
Language code of text/sound track or separate title ben
082 ## - DEWEY DECIMAL CLASSIFICATION NUMBER
Edition number 23
Classification number 371.3
Author mark and year HOS 2002
100 ## - MAIN ENTRY--PERSONAL NAME
Personal name হোসাইন, আফজাল
9 (RLIN) 144275
245 10 - TITLE STATEMENT
Title শিক্ষা ও প্রশিক্ষণ :
Remainder of title তা'লিম অয়া তারবিয়াত /
Statement of responsibility, etc. আফজাল হোসাইন
260 ## - PUBLICATION, DISTRIBUTION, ETC. (IMPRINT)
Place of publication, distribution, etc. ঢাকা :
Name of publisher, distributor, etc. ইসলামিক এডুকেশন,
Date of publication, distribution, etc. ২০০২
300 ## - PHYSICAL DESCRIPTION
Pagination ৪১৫ পৃ. ;
Size ২২ সেমি.
650 ## - SUBJECT ADDED ENTRY--TOPICAL TERM
Topical term or geographic name as entry element শিক্ষা পদ্ধতি
9 (RLIN) 144260
Topical term or geographic name as entry element Methods of Study
9 (RLIN) 144261
700 ## - ADDED ENTRY--PERSONAL NAME
Personal name হোসাইন, মোশাররফ, অনুবাদ
942 ## - ADDED ENTRY ELEMENTS (KOHA)
Source of classification or shelving scheme Dewey Decimal Classification
Koha item type Books
Holdings
Lost status Source of classification or shelving scheme Damaged status Not for loan Collection code Permanent Location Current Location Shelving location Date acquired Source of acquisition Cost, normal purchase price Total Checkouts Full call number Date last seen Date checked out Copy number Koha item type
  Dewey Decimal Classification     Non-fiction Central Library, University of Rajshahi Central Library, University of Rajshahi   21/12/2004 Islami Bank 150.00 1 B 371.3 HOS 2002 22/02/2017 02/02/2017 C-2 Books
  Dewey Decimal Classification   Not For Loan Non-fiction Central Library, University of Rajshahi Central Library, University of Rajshahi Reading Room 21/12/2004 Islami Bank 150.00   B 371.3 HOS 2002 29/12/2016   C-1 Books